| 000 | 02205nam a2200337 i 4500 | ||
|---|---|---|---|
| 001 | 768714001 | ||
| 003 | CO-MdFUSB | ||
| 005 | 20260325154603.0 | ||
| 008 | 240917t1995 sp ||||| |||| 00| 0 spa d | ||
| 020 | _a84-254-1886-0 | ||
| 040 |
_bspa. _aCO-MdFUSB _cCO-MdFUSB _dCO-MdFUSBC _erda |
||
| 041 |
_aspa _hita |
||
| 082 |
_223 _a222.1207 _bSP768 |
||
| 100 |
_aSpreafico, Ambrogio. _eautor |
||
| 240 | _aIl libro dell'Esedo. | ||
| 245 | 3 |
_aEl libro del Éxodo _c/ Ambrogio Spreafico ; traducido por Marciano Villanueva Salas |
|
| 264 | 1 |
_aBarcelona, España : _bHerder, _c[1995] |
|
| 264 | 4 | _a©1995 | |
| 300 |
_a217 páginas _c; 20 cm |
||
| 336 |
_2rdacontent _atexto _btxt |
||
| 337 |
_2rdamedia _asin mediación _bn |
||
| 338 |
_2rdacarrier _avolumen _bnc |
||
| 490 | _aGuía espiritual del Antiguo Testamento | ||
| 500 | _aIncluye índice | ||
| 505 | _gUn pueblo de esclavos (Éxodo 1) -- Moisés, el salvado de las aguas (Éxodo 2) -- La manifestación de Dios (Éxodo 3,1-6) -- La misión de Moisés (Éxodo 3,7-4,17) -- Un texto sacerdotal (Éxodo 6,2-9) -- La primera plaga (Éxodo 7,14-25) -- La Pascua (Éxodo 12,1-28) -- «Mi fuerza y mi canto es el Señor. Él me ha salvado» (Éxodo 13,17-14,31) -- El amor de Dios y la resistencia de Israel (Éxodo 16,1-16) -- El agua que brota de la roca (Éxodo 17,1-7) Israel «se querella» con Dios -- «Haremos todo cuanto ha dicho Yahveh» (Éxodo 19,1-8) -- El decálogo (Éxodo 20,1-17) -- El derecho del pobre (Éxodo 22,20-26) -- La justicia ante los tribunales (Éxodo 23,1-9) -- «Allí me entrevistaré contigo» (Éxodo 25, 1-22) -- «El sábado es una señal entre mí y vos- otros>> (Éxodo 31,12-17) -- El becerro de oro (Éxodo 32,1-14) -- «Yahveh hablaba con Moisés cara a cara» (Éxodo 33,7-23) -- Un Dios que perdona a su pueblo (Éxodo 34,1-7) -- La morada de Dios entre los hombres (Éxodo 40,1-15) -- Hacia la tierra (Deuteronomio 6,10-13) -- Hacia el futuro: Dios protege a su pueblo (Éxodo 40,34-38) | ||
| 563 | _aRústica | ||
| 630 | 0 | 7 |
_aBiblia. _pÉxodo _xCrítica, interpretación, etc. |
| 700 | 1 |
_aVillanueva Salas, Marciano _9200 _etraductor |
|
| 942 | _cBK | ||
| 945 | _aCatherine Arias Alvarez | ||
| 999 |
_c70945 _d70945 |
||